LIBRARY ONLINE CATALOGUE

Proceedings of the national workshop on regulations and guidelines for safety in biotechnology for Kenya / (Record no. 13589)

MARC details
000 -LEADER
fixed length control field 00784cam a22002172 4500
001 - CONTROL NUMBER
control field 0000013219
005 - DATE AND TIME OF LATEST TRANSACTION
control field 20151217155855.0
008 - FIXED-LENGTH DATA ELEMENTS--GENERAL INFORMATION
fixed length control field 090706s xx 000 0 eng d
040 ## - CATALOGING SOURCE
Original cataloging agency KABU
Transcribing agency KABU
245 10 - TITLE STATEMENT
Title Proceedings of the national workshop on regulations and guidelines for safety in biotechnology for Kenya /
Statement of responsibility, etc. Grace N. W. Thitai, John S. Mbaya, Johnson Nyangeri, editors.
250 ## - EDITION STATEMENT
Edition statement 1st ed.
260 ## - PUBLICATION, DISTRIBUTION, ETC. (IMPRINT)
Place of publication, distribution, etc. Nairobi :
Name of publisher, distributor, etc. NCST,
Date of publication, distribution, etc. 1998.
300 ## - PHYSICAL DESCRIPTION
Extent 84 p.
650 #0 - SUBJECT ADDED ENTRY--TOPICAL TERM
Topical term or geographic name as entry element Agricultural biotechnology
Geographic subdivision Kenya.
-- 0000170369
700 1# - ADDED ENTRY--PERSONAL NAME
Personal name Thitai, Grace N. W.
-- 0000170370
700 1# - ADDED ENTRY--PERSONAL NAME
Personal name Mbaya, John S.
-- 0000170371
700 1# - ADDED ENTRY--PERSONAL NAME
Personal name Nyangeri, Johnson.
-- 0000170372
852 1# - LOCATION
-- p100.00 KEs
908 ## - PUT COMMAND PARAMETER (RLIN)
Put command parameter 090706
950 ## - LOCAL HOLDINGS (RLIN)
-- 1
Holdings
Withdrawn status Lost status Source of classification or shelving scheme Not for loan Home library Current library Date acquired Total Checkouts Full call number Barcode Date last seen Price effective from Koha item type
    Library of Congress Classification   Kabarak, Main Campus Kabarak, Main Campus 17/12/2015   S494.5 .B563K4 1998 c. 1 17922 17/12/2015 17/12/2015 Africana Collection